All HYPE artist. - Statistics

General Stats
  • This quiz has been taken 152 times
  • The average score is 57 of 90
Answer Stats
Hint Answer % Correct
BigHit Music BTS V
97%
BigHit Music BTS Jung Kook
96%
BigHit Music BTS J-Hope
94%
BigHit Music BTS Jimin
94%
Pledis Entertainment SEVEN--TEEN Jun
94%
HYBE Labels Japan &TEAM K
94%
BigHit Music BTS RM
94%
Source Music LE SSERAFIM Sakura
94%
BigHit Music BTS Suga
94%
BigHit Music TXT Beomgyu
92%
BigHit Music TXT Hueningkai
92%
BigHit Music BTS Jin
92%
Source Music LE SSERAFIM Kim Chaewon
92%
Belift Lab ENHYPEN NI-KI
92%
BigHit Music TXT Soobin
92%
BigHit Music TXT Taehyun
92%
BigHit Music TXT Yeonjun
92%
Source Music LE SSERAFIM Huh Yunjin
91%
Source Music LE SSERAFIM Hong Eunchae
90%
Belift Lab ENHYPEN Jake
90%
Source Music LE SSERAFIM Kazuha
90%
ADOR NewJeans Danielle
89%
Belift Lab ENHYPEN Jay
89%
Belift Lab ENHYPEN Sunghoon
87%
Belift Lab ENHYPEN Sunoo
87%
Belift Lab ENHYPEN Heeseung
86%
ADOR NewJeans Minji
86%
Belift Lab ENHYPEN Jungwon
85%
ADOR NewJeans Hanni
84%
Belift Lab ILLIT Wonhee
84%
ADOR NewJeans Hyein
83%
KOZ Entertainment BOYNEXT DOOR Sungho
83%
Source Music(former) LE
SSERAFIM (former)
Kim Garam
82%
ADOR NewJeans Haerin
80%
Pledis Entertainment SEVEN--TEEN The8
80%
Pledis Entertainment SEVEN--TEEN Hoshi
79%
Belift Lab ILLIT Iroha
79%
Pledis Entertainment SEVEN--TEEN Dino
77%
Pledis Entertainment SEVEN--TEEN S.Coups
77%
Pledis Entertainment SEVEN--TEEN Vernon
77%
Pledis Entertainment SEVEN--TEEN DK
76%
Pledis Entertainment SEVEN--TEEN Mingyu
75%
Pledis Entertainment SEVEN--TEEN Woozi
75%
Belift Lab ILLIT Moka
73%
Pledis Entertainment SEVEN--TEEN Joshua
71%
HYBE Labels Japan &TEAM Jo
69%
Belift Lab ILLIT Minju
69%
Belift Lab ILLIT Yunah
69%
Pledis Entertainment SEVEN--TEEN Seungkwan
66%
Pledis Entertainment SEVEN--TEEN Wonwoo
66%
Pledis Entertainment SEVEN--TEEN Jeonghan
65%
KOZ Entertainment BOYNEXT DOOR Jaehyun
64%
KOZ Entertainment BOYNEXT DOOR Taesan
55%
KOZ Entertainment BOYNEXT DOOR Leehan
52%
HYBE Labels Japan &TEAM TAKI
52%
HYBE Labels Japan &TEAM Maki
51%
Source Music(former) GFRIEND(former) SinB
50%
KOZ Entertainment BOYNEXT DOOR Woonhak
49%
Source Music(former) GFRIEND(former) Eunha
47%
KOZ Entertainment BOYNEXT DOOR Riwoo
47%
KOZ Entertainment Soloist Zico
47%
Source Music(former) GFRIEND(former) Umji
46%
HYBE Labels Japan &TEAM Nicholas
42%
Source Music(former) GFRIEND(former) Yuju
42%
HYBE Labels Japan &TEAM Harua
40%
HYBE Labels Japan &TEAM Fuma
39%
Pledis Entertainment fromis_9 Chaeyoung
37%
HYBE Labels Japan &TEAM EJ
37%
Pledis Entertainment TWS Shinyu
37%
Source Music(former) GFRIEND(former) Sowon
37%
HYBE Labels Japan &TEAM Yuma
37%
Pledis Entertainment TWS Kyungmin
35%
Source Music(former) GFRIEND(former) Yerin
35%
Pledis Entertainment TWS Jihoon
34%
Pledis Entertainment TWS Dohoon
28%
Pledis Entertainment fromis_9 Hayoung
28%
Pledis Entertainment fromis_9 Jisun
28%
Pledis Entertainment(former) fromis_9(former) Gyuri
27%
Pledis Entertainment fromis_9 Jiwon
27%
Pledis Entertainment fromis_9 Saerom
27%
Pledis Entertainment TWS Youngjae
26%
Pledis Entertainment TWS Hanjin
25%
Pledis Entertainment fromis_9 Jiheon
25%
Pledis Entertainment fromis_9 Nagyung
25%
Pledis Entertainment Soloist Hwang Min Hyun
24%
Pledis Entertainment fromis_9 Seoyeon
24%
Pledis Entertainment Soloist Baekho
20%
Pledis Entertainment(former) NU'EST(former) Ren
18%
Pledis Entertainment(former) NU'EST(former) Aron
14%
Pledis Entertainment(former) NU'EST(former) JR
13%
No matching quizzes found
Score Distribution
Percent of People with Each Score
Percentile by Number Answered
Your Score History
You have not taken this quiz